000 00367nam a2200145Ia 4500
008 191201s2007 xx 000 0 und d
082 _a621.31
_bRAP
100 _aRASHID, Muhammad
245 0 _aPower Electronics Circuits, Devices and Applications
250 _aImp
260 _aN.Delhi
_bPearson
_c2007
300 _a702
650 _aB.Tech(ECE)
942 _2ddc
_cBK
999 _c3970
_d3970